[Event "35th ch-BAN"]
[Site "Dhaka BAN"]
[Date "2009.07.09"]
[Round "10"]
[White "Reefat,S"]
[Black "Rahman,Zia"]
[Result "1/2-1/2"]
[WhiteElo "2486"]
[BlackElo "2523"]
[EventDate "2009.06.29"]

1. e4 c5 2. Nf3 e6 3. d4 cxd4 4. Nxd4 Nc6 5. Nc3 Qc7 6. Be3 a6 7. Qd2 Nf6
8. O-O-O Bb4 9. f3 O-O 10. g4 b5 11. h4 Ne5 12. h5 Bb7 13. g5 Ne8 14. Rh3
Rc8 15. h6 g6 16. Nb3 d5 17. a3 Bxc3 18. Qxc3 Qxc3 19. bxc3 dxe4 20. Nc5
Bd5 21. fxe4 Bc4 22. Bd4 f6 23. Bxc4 Nxc4 24. Nxe6 Rf7 25. Rf3 Ncd6 26. Re1
f5 27. exf5 Nxf5 28. Nc5 Ned6 29. Rd3 a5 30. Bg1 a4 31. Re6 Ne8 32. Nd7
Nfd6 33. Nf6+ Nxf6 34. gxf6 Nf5 35. Rd5 Rb8 36. Bc5 Nxh6 37. Bd6 Rd7 38.
Rde5 Rbd8 39. Be7 Rb8 40. Bd6 Rbd8 41. Bb4 Kf7 42. Rb6 Ng8 43. Rexb5 Nxf6
44. c4 Rc8 45. c5 Rdc7 46. Rd6 Ne4 47. Rd5 h5 48. Re5 Nf6 49. Ba5 Re7 50.
Rxe7+ Kxe7 51. Rb7+ Nd7 52. Ra7 Rc6 53. Be1 Ke6 54. Rxa4 Nxc5 55. Rc4 Kd5
56. Rc3 Rf6 57. Kd1 g5 58. Rh3 h4 59. a4 Rh6 60. a5 Ke4 61. Bf2 Kd5 62. Ke2
Rh8 63. Kf3 Rf8+ 64. Kg2 Ne6 65. Be3 Rc8 66. Bxg5 Rxc2+ 67. Kf1 Nxg5 68.
Rxh4 1/2-1/2

[Event "35th ch-BAN"]
[Site "Dhaka BAN"]
[Date "2009.06.29"]
[Round "11"]
[White "Rahman,Zia"]
[Black "Mohammad,Ali"]
[Result "1-0"]
[WhiteElo "2523"]
[BlackElo "2253"]
[EventDate "2009.06.29"]

1. e4 c5 2. Nc3 d6 3. g3 g6 4. Bg2 Bg7 5. d3 Nc6 6. Nge2 Bd7 7. Be3 a6 8.
Qd2 b5 9. O-O b4 10. Nd1 Nf6 11. Bh6 O-O 12. Bxg7 Kxg7 13. Ne3 Rb8 14. f4
Ng4 15. Nc4 e5 16. h3 Nf6 17. g4 Ne8 18. g5 f6 19. h4 Bg4 20. Ng3 fxg5 21.
hxg5 Nd4 22. fxe5 Rxf1+ 23. Rxf1 Ne6 24. Qf2 Qxg5 25. exd6 Nxd6 26. Nxd6
Rf8 27. Ne8+ Kh6 28. Nf6 Kg7 29. e5 h5 30. Nge4 1-0

[Event "35th ch-BAN"]
[Site "Dhaka BAN"]
[Date "2009.06.29"]
[Round "11"]
[White "Abu Sufian,S"]
[Black "Reefat,S"]
[Result "1-0"]
[WhiteElo "2378"]
[BlackElo "2486"]
[EventDate "2009.06.29"]

1. e4 c5 2. Nf3 e6 3. d4 cxd4 4. Nxd4 Nc6 5. Nc3 Qc7 6. Be2 a6 7. O-O Nf6
8. Be3 Be7 9. f4 d6 10. Qe1 O-O 11. Qg3 Bd7 12. Kh1 b5 13. a3 Nxd4 14. Bxd4
Bc6 15. Rae1 Qb7 16. Bd3 b4 17. Nd1 d5 18. e5 Ne4 19. Bxe4 dxe4 20. f5 Rfd8
21. f6 Bf8 22. fxg7 Bxg7 23. c3 bxc3 24. bxc3 Kh8 25. Ne3 Qe7 26. Qh3 Qg5
27. Rxf7 Qg6 28. Rf4 Rf8 29. Rg4 Qh6 30. Rh4 Qg6 31. Ng4 e3 32. Nf6 Bxf6
33. exf6 e5 34. Bxe5 Rae8 35. Bd4 Rf7 36. Rg4 Qf5 37. Qg3 e2 38. Kg1 Bb5
39. h3 Ref8 40. Kh2 Qd3 41. Qxd3 Bxd3 42. Rg3 Bc4 43. Re3 Ra8 44. g4 Kg8
45. R1xe2 Bxe2 46. Rxe2 Rb7 47. Kg3 Kf7 48. Re5 Re8 49. Ra5 Ra8 50. a4 Rc7
51. Kf4 Rc4 52. Kf5 1-0

[Event "35th ch-BAN"]
[Site "Dhaka BAN"]
[Date "2009.06.29"]
[Round "11"]
[White "Islam,AP"]
[Black "Ahmed,J BAN"]
[Result "0-1"]
[WhiteElo "2145"]
[BlackElo "2088"]
[EventDate "2009.06.29"]

1. e4 c5 2. Nf3 a6 3. c4 e6 4. Nc3 Qc7 5. g3 b6 6. Bg2 Bb7 7. d3 Nf6 8. Bf4
d6 9. O-O Nbd7 10. Qe2 Nh5 11. Bd2 g6 12. Nh4 Be7 13. Nf3 O-O 14. Bh6 Rfe8
15. Ng5 Bf8 16. Bxf8 Nxf8 17. f4 d5 18. e5 Rad8 19. cxd5 exd5 20. Rae1 Ng7
21. g4 Nfe6 22. Nxe6 fxe6 23. Nd1 Rf8 24. Rf2 d4 25. Be4 Rde8 26. Ref1 b5
27. b3 Re7 28. Rf3 Bd5 29. Nf2 c4 30. g5 Nf5 31. Ng4 Bxe4 32. Qxe4 c3 33.
Nf6+ Kh8 34. h4 c2 35. Rc1 Qc3 36. Qe2 Ne3 37. Rxe3 dxe3 38. Rxc2 Qd4 39.
Qe1 Qxf4 40. Rc5 Qd4 41. b4 e2+ 42. Kg2 Qxd3 43. Kf2 Rd8 44. h5 gxh5 45.
Qxe2 Qf5+ 46. Ke1 Qxg5 47. Qf2 Rg7 48. a3 h4 49. Ne4 Qg2 50. Qxh4 Qg1+ 51.
Ke2 Rg2+ 52. Nf2 0-1

[Event "35th ch-BAN"]
[Site "Dhaka BAN"]
[Date "2009.06.29"]
[Round "11"]
[White "Chatterjee,D"]
[Black "Bhuiyan,G"]
[Result "1/2-1/2"]
[WhiteElo "2248"]
[BlackElo "2135"]
[EventDate "2009.06.29"]

1. d4 Nf6 2. c4 g6 3. Nc3 Bg7 4. e4 O-O 5. Nf3 d6 6. Be2 c6 7. O-O Bg4 8.
Be3 Nbd7 9. h3 Bxf3 10. Bxf3 e5 11. Qd2 Re8 12. Rad1 Qc7 13. b4 a5 14. b5
Nf8 15. dxe5 dxe5 16. b6 Qe7 17. Qd6 Ne6 18. Qxe7 Rxe7 19. Na4 h6 20. Rd2
Ree8 21. Rfd1 Bf8 22. c5 Kg7 23. Kf1 Be7 24. g3 Ng5 25. Bxg5 hxg5 26. Ke2
Rh8 27. Rd7 Nxd7 28. Rxd7 Rab8 29. Rxe7 Rhd8 30. Ke1 Kf6 31. Rc7 Rd4 32.
Bd1 Rbd8 33. Bb3 R4d7 34. Nb2 Rxc7 35. bxc7 Rc8 36. Nc4 Rxc7 37. Nxa5 Rd7
38. Ke2 Ke7 39. g4 f6 40. Ke3 Kd8 41. Nc4 Kc7 42. Nd6 Re7 43. Nf7 b6 44.
cxb6+ Kxb6 45. Kf3 c5 46. Kg3 Kb5 47. Nd6+ Kb4 48. h4 Rd7 49. Nc4 gxh4+ 50.
Kxh4 Rh7+ 51. Kg3 g5 52. Ne3 Rh6 53. Kf3 Kc3 54. Ke2 Rh4 55. Bd5 Rh1 56. a4
Ra1 57. Bc6 Ra2+ 58. Kf3 Ra3 59. Ke2 Ra2+ 60. Kf3 Ra3 61. Kg2 Ra1 62. Bb5
Rb1 63. Kf3 Rb3 64. Nf5 Kb4+ 65. Ne3 Kc3 66. Nd5+ Kd4+ 67. Ke2 c4 68. f3
Rb2+ 69. Kd1 Rb3 70. Nb6 c3 71. Nd5 Rb2 72. Nxf6 Rf2 73. a5 Rb2 74. Ba4 Ra2
75. Bb3 Rb2 76. Bc2 Ra2 77. Nd5 Ra1+ 78. Ke2 Rxa5 79. Ne3 Ra2 80. Nf5+ Kc4
81. Ne3+ Kd4 82. Kf2 Rb2 83. Ke2 Ra2 84. Nf5+ Kc4 85. Ne3+ Kd4 1/2-1/2

[Event "35th ch-BAN"]
[Site "Dhaka BAN"]
[Date "2009.06.29"]
[Round "11"]
[White "Mohammad,J"]
[Black "Ahmed,Mah"]
[Result "1/2-1/2"]
[WhiteElo "2207"]
[BlackElo "2220"]
[EventDate "2009.06.29"]

1. e4 e5 2. Nf3 d6 3. d4 Nd7 4. Bc4 c6 5. a4 Be7 6. O-O Ngf6 7. dxe5 Nxe5
8. Nxe5 dxe5 9. Qe2 O-O 10. h3 h6 11. Rd1 Bd7 12. Nd2 Bd6 13. Nf3 Qe7 14.
Nh4 Kh8 15. Bxh6 gxh6 16. Qd2 Bc5 17. Qxh6+ Nh7 18. Qh5 Rad8 19. Rd3 Qg5
20. Qxg5 Nxg5 21. Re1 Be6 22. Bxe6 Nxe6 23. Rf3 Rd2 24. b4 Be7 25. Nf5 Rd7
26. c3 Nf4 27. Kh2 Rfd8 28. g3 Rd3 29. Ree3 Rxe3 30. Nxe3 Ng6 31. h4 Kg7
32. h5 Nh8 33. Rf5 f6 34. Rf3 Nf7 35. Nf5+ Kf8 36. h6 Ng5 37. Re3 Rd2 38.
Kg2 Kf7 39. Kf1 Bf8 40. f4 Nh7 41. Rf3 Kg6 42. fxe5 fxe5 43. Nh4+ Kxh6 44.
Rf7 Rd8 45. Rxb7 Nf6 46. Rxa7 Nxe4 47. Rc7 Kh5 48. Nf3 Nxc3 49. Rxc6 Bxb4
50. Nxe5 Nxa4 51. Kg2 Rd5 52. g4+ Kg5 53. Nf3+ 1/2-1/2

[Event "35th ch-BAN"]
[Site "Dhaka BAN"]
[Date "2009.06.29"]
[Round "11"]
[White "Rahman,Tai"]
[Black "Hasan Md,E"]
[Result "1-0"]
[WhiteElo "2325"]
[BlackElo "2135"]
[EventDate "2009.06.29"]

1. d4 Nf6 2. c4 g6 3. Nc3 Bg7 4. e4 O-O 5. Nf3 d6 6. Be2 e5 7. O-O Nc6 8.
d5 Ne7 9. Ne1 Nd7 10. Be3 f5 11. f3 f4 12. Bf2 g5 13. Nb5 b6 14. b4 Nf6 15.
c5 g4 16. cxd6 cxd6 17. Kh1 Ng6 18. Rc1 g3 19. Bg1 Rf7 20. Qc2 Ne8 21. a4
a6 22. Na3 Bd7 23. Nc4 gxh2 24. Bxb6 Qg5 25. Na5 h5 26. b5 h4 27. bxa6 h3
28. Bb5 Nf6 29. Bxd7 Nxd7 30. Qc6 Nxb6 31. Qxb6 Nh4 32. gxh3 Qg3 33. Nc6
Qxh3 34. Qb5 Bf8 35. Rc2 Rg7 36. Rxh2 Qg3 37. Qe2 Ng6 38. Rg1 Kf7 39. Nd3
Qxh2+ 40. Kxh2 Be7 41. Rg4 Rh8+ 42. Kg1 Rgh7 43. Nf2 Bh4 44. a7 Bg3 45. Nb8
Rh2 46. a8=Q Bxf2+ 47. Kf1 Bc5 48. Qb7+ Ne7 49. Qxh2 Rxh2 50. Nc6 1-0

[Event "35th ch-BAN"]
[Site "Dhaka BAN"]
[Date "2009.07.11"]
[Round "12"]
[White "Mohammad,Ali"]
[Black "Hasan Md,E"]
[Result "1-0"]
[WhiteElo "2253"]
[BlackElo "2135"]
[EventDate "2009.06.29"]

1. e4 Nf6 2. e5 Nd5 3. d4 d6 4. Nf3 g6 5. Bc4 c6 6. Nc3 Nxc3 7. bxc3 d5 8.
Bd3 Bg4 9. O-O Bg7 10. h3 Bxf3 11. Qxf3 O-O 12. Bd2 e6 13. a4 c5 14. Rfe1
Nc6 15. Qg4 Qa5 16. Qf4 Qc7 17. Rab1 a6 18. h4 Rab8 19. h5 c4 20. Bf1 Qa5
21. Ra1 b5 22. axb5 Qxb5 23. Bc1 Rb7 24. g3 Ne7 25. Bh3 a5 26. Kg2 a4 27.
Ba3 Qa5 28. Qe3 Rfb8 29. hxg6 hxg6 30. Bg4 Nc6 31. Rh1 Qd8 32. Be2 f5 33.
exf6 Qxf6 34. f4 Qf5 35. Ra2 Rb1 36. Bc1 Kf7 37. g4 Qf6 38. g5 Qf5 39. Kg3
Ne7 40. Bg4 Qe4 41. Qxe4 dxe4 42. Rxa4 Nd5 43. Rxc4 R8b6 44. Rd1 Ra6 45.
Rc5 Raa1 46. Rc6 Ne7 47. Rxe6 Rxc1 48. Rxc1 Rxc1 49. Rxe4 Rxc2 50. Re3 Kf8
51. Be6 Ke8 52. Kf3 Kd8 53. Ke4 Rd2 54. Rf3 Kc7 55. f5 gxf5+ 56. Bxf5 Kd6
57. Bh3 Nd5 58. Rf7 Re2+ 59. Kf3 Re7 60. Rxe7 Kxe7 61. c4 Nc3 62. Ke3 Kd6
63. Kd3 Nd1 64. c5+ Ke7 65. Bf5 Nb2+ 66. Ke4 Na4 67. Bh3 Nc3+ 68. Kd3 Nd5
69. Bf5 Nc7 70. Kc4 Bh8 71. d5 Be5 72. g6 Ne8 73. Kb5 Bg3 74. Kc6 Bf4 75.
Be6 Ng7 76. Bg4 Ne8 77. Bd7 Nf6 78. d6+ Kf8 79. Bf5 Ke8 80. Be6 Kd8 1-0

[Event "35th ch-BAN"]
[Site "Dhaka BAN"]
[Date "2009.07.11"]
[Round "12"]
[White "Ahmed,Mah"]
[Black "Rahman,Tai"]
[Result "1/2-1/2"]
[WhiteElo "2220"]
[BlackElo "2325"]
[EventDate "2009.06.29"]

1. Nf3 c5 2. c4 e6 3. g3 d5 4. cxd5 exd5 5. d4 Nc6 6. dxc5 Bxc5 7. Bg2 Nf6
8. O-O O-O 9. Nc3 Re8 10. e3 Bg4 11. h3 Bh5 12. Ne2 Qb6 13. b3 Rad8 14. Bb2
Ne4 15. Ned4 Nxd4 16. exd4 Bb4 17. g4 Bg6 18. Ne5 Bc3 19. Bxc3 Nxc3 20. Qd2
Ne4 21. Qe3 Qa5 22. Nxg6 hxg6 23. Rfc1 Rd6 24. Rc5 Qa3 25. Bxe4 dxe4 26.
Rac1 Qxa2 27. Rc8 Rdd8 28. R8c7 Qb2 29. R1c3 Qa1+ 30. Kg2 Qa6 31. Qf4 Qe6
32. Rxb7 Qd5 33. Rcc7 Rf8 34. Qe3 a5 35. Ra7 Rc8 36. Rc5 Rxc5 37. dxc5 Rb8
38. c6 Qxc6 39. Rxa5 Qe6 40. Ra3 Qd5 41. Ra4 f5 42. Rc4 Re8 43. Rc7 Qe5 44.
Qc3 Qxc3 45. Rxc3 Kf7 46. Kg3 Kf6 47. h4 Rb8 48. Kf4 fxg4 49. Kxe4 Rb4+ 50.
Kd3 Rf4 51. Ke2 Rb4 52. Kd3 Rf4 53. Ke2 Rb4 54. Kf1 Kf5 55. Kg2 Rb5 56. Kg3
Rb4 57. Rc5+ Kf6 58. Rc6+ Kf5 1/2-1/2

[Event "35th ch-BAN"]
[Site "Dhaka BAN"]
[Date "2009.07.11"]
[Round "12"]
[White "Bhuiyan,G"]
[Black "Mohammad,J"]
[Result "1-0"]
[WhiteElo "2135"]
[BlackElo "2207"]
[EventDate "2009.06.29"]

1. d4 d5 2. c4 c6 3. Nc3 Nf6 4. Nf3 a6 5. a4 e6 6. g3 Be7 7. Bg2 a5 8. O-O
Na6 9. Ne5 Nd7 10. f4 Nxe5 11. fxe5 O-O 12. Qb3 Nb4 13. e3 b6 14. cxd5 exd5
15. Qd1 Ra7 16. e4 Be6 17. Be3 Rd7 18. Qe2 c5 19. exd5 Nxd5 20. Nxd5 Bxd5
21. Bh3 Rc7 22. Rfd1 Qa8 23. Bg2 cxd4 24. Bxd4 Bxg2 25. Qxg2 Qxg2+ 26. Kxg2
Rc2+ 27. Kh3 Bc5 28. Bc3 Rc8 29. Rd7 Bb4 30. Bd4 Bc5 31. Bc3 Bb4 32. Rf1
Bxc3 33. bxc3 Rf8 34. Rf3 h5 35. Re7 Re2 36. Rf4 g6 37. Rf6 Kg7 38. Rf4 Kg8
39. g4 hxg4+ 40. Rxg4 Re3+ 41. Kh4 Kg7 42. Rf4 Rh8+ 43. Kg4 Rf8 44. h4 Kg8
45. Rc4 Rd8 46. e6 Rxe6 47. Rxe6 fxe6 48. Kg5 Rd6 49. Kxg6 e5+ 50. Kf5 Rh6
51. Kxe5 Kf7 52. Kd5 Ke7 53. Rg4 Kd7 54. Rg7+ Kc8 55. Rg4 Kd7 56. Ke5 Ke7
57. Kf5 Kf7 58. Rc4 Rh5+ 59. Kg4 Re5 60. Rc7+ Kf6 61. Rc6+ Kf7 62. c4 Re4+
63. Kg5 Kg7 64. Rc7+ Kg8 65. h5 Re6 66. h6 Rd6 67. Rg7+ Kh8 68. Rg6 Rd4 69.
Rc6 Kh7 70. Rc7+ Kh8 71. Kf5 Rd1 72. Rc6 Rb1 73. Ke5 Rb4 74. Kd5 Rxa4 75.
Rxb6 Ra2 76. Ra6 Kh7 77. c5 a4 78. c6 Rd2+ 79. Ke6 Rc2 1-0

[Event "35th ch-BAN"]
[Site "Dhaka BAN"]
[Date "2009.07.11"]
[Round "12"]
[White "Ahmed,J BAN"]
[Black "Chatterjee,D"]
[Result "0-1"]
[WhiteElo "2088"]
[BlackElo "2248"]
[EventDate "2009.06.29"]

1. d4 Nf6 2. Nf3 g6 3. c4 c5 4. d5 e6 5. Nc3 exd5 6. cxd5 d6 7. e4 a6 8. a4
Bg4 9. h3 Bxf3 10. Qxf3 Bg7 11. Bf4 O-O 12. Qd1 Nxe4 13. Nxe4 Re8 14. Bd3
f5 15. Qc2 fxe4 16. Bxe4 Qf6 17. Be3 Qh4 18. g4 Nd7 19. Kf1 Qf6 20. Rb1 b5
21. Kg2 Qe7 22. Bf3 Ne5 23. Be2 c4 24. b3 Rac8 25. axb5 axb5 26. Rhd1 Qd7
27. g5 Qf7 28. Bc1 Nd3 29. Bxd3 cxd3 30. Qxd3 Rc3 31. Qf1 Rxh3 32. f4 Qf5
0-1

[Event "35th ch-BAN"]
[Site "Dhaka BAN"]
[Date "2009.07.11"]
[Round "12"]
[White "Reefat,S"]
[Black "Hossain,Enam"]
[Result "1/2-1/2"]
[WhiteElo "2486"]
[BlackElo "2531"]
[EventDate "2009.06.29"]

1. e4 c5 2. Nf3 e6 3. d4 cxd4 4. Nxd4 Nc6 5. Nc3 Qc7 6. Be3 a6 7. Qd2 Nf6
8. O-O-O Be7 9. f3 h5 10. Kb1 d6 11. h3 Bd7 12. Nb3 h4 13. f4 b5 14. Bd3 b4
15. Na4 a5 16. Qf2 Rb8 17. Rhe1 e5 18. fxe5 Nxe5 19. Nb6 a4 20. Nxd7 Nfxd7
21. Nd4 g6 22. Bb5 a3 23. b3 Qc3 24. Bc1 Qc5 25. Bxd7+ Nxd7 26. g4 hxg3 27.
Qxg3 Bh4 28. Qe3 Bxe1 29. Rxe1 Ne5 30. Rd1 Rc8 31. Qg3 Qc3 32. Qf2 Qc5 33.
Qf6 Kd7 34. c4 bxc3 35. Nc2 Rhe8 36. Bxa3 Re6 37. Qxe6+ Kxe6 38. Bxc5 dxc5
39. a4 Rh8 40. Rd5 Rc8 41. Ne3 f5 42. exf5+ gxf5 43. Rd1 f4 44. Ng4 Nxg4
45. hxg4 f3 46. Rf1 Rf8 47. Kc2 Ke5 48. Kxc3 Kf4 49. Kc4 Rb8 50. Kxc5 Rxb3
51. a5 Kxg4 52. a6 Ra3 1/2-1/2

[Event "35th ch-BAN"]
[Site "Dhaka BAN"]
[Date "2009.07.11"]
[Round "12"]
[White "Rahman,Zia"]
[Black "Abu Sufian,S"]
[Result "1-0"]
[WhiteElo "2523"]
[BlackElo "2378"]
[EventDate "2009.06.29"]

1. e4 d5 2. exd5 Qxd5 3. Nf3 Nf6 4. d4 c6 5. Be2 Bf5 6. O-O e6 7. Re1 Nbd7
8. Nbd2 Be7 9. Nf1 Bg6 10. c4 Qa5 11. Ng3 O-O 12. a3 c5 13. b4 cxb4 14. Bd2
Qc7 15. axb4 a6 16. Bf1 Rfe8 17. Qb3 Qc6 18. Bf4 Bf8 19. Ra5 Ne4 20. Nxe4
Bxe4 21. Nd2 Bg6 22. g3 Nf6 23. Bg2 Qd7 24. Nf3 Bd6 25. Ne5 Qe7 26. Nxg6
hxg6 27. Bxd6 Qxd6 28. Bxb7 Rab8 29. Rxa6 Qxd4 30. Rd1 Qe5 31. Bf3 Rec8 32.
b5 Qc5 33. b6 e5 34. b7 Re8 35. Bc6 Rf8 36. Qb5 Qe7 37. Ra5 Qc7 38. Ra8 e4
39. Qa5 Qe7 40. Qa3 Qc7 41. Qd6 1-0

[Event "35th ch-BAN"]
[Site "Dhaka BAN"]
[Date "2009.07.12"]
[Round "13"]
[White "Abu Sufian,S"]
[Black "Mohammad,Ali"]
[Result "1-0"]
[WhiteElo "2378"]
[BlackElo "2253"]
[EventDate "2009.06.29"]

1. e4 c5 2. Nf3 e6 3. d4 cxd4 4. Nxd4 a6 5. Nc3 d6 6. Bc4 b5 7. Bb3 Nf6 8.
Bg5 Be7 9. Qf3 Qc7 10. e5 Bb7 11. exd6 Bxd6 12. Qe3 Bc5 13. O-O-O Qe7 14.
Qh3 O-O 15. Rhe1 Bxd4 16. Rxd4 h6 17. Bxh6 Qc5 18. Be3 Qf5 19. Qxf5 exf5
20. Bg5 Nc6 21. Bxf6 gxf6 22. Rd7 Na5 23. Bd5 Bxd5 24. Nxd5 Kg7 25. Nc7 1-0

[Event "35th ch-BAN"]
[Site "Dhaka BAN"]
[Date "2009.07.12"]
[Round "13"]
[White "Hossain,Enam"]
[Black "Rahman,Zia"]
[Result "1/2-1/2"]
[WhiteElo "2531"]
[BlackElo "2523"]
[EventDate "2009.06.29"]

1. e4 e6 2. d4 d5 3. Nc3 dxe4 4. Nxe4 Bd7 5. Nf3 Bc6 6. Bd3 Nd7 7. O-O Ngf6
8. Nfd2 b6 9. Qe2 Be7 10. Re1 O-O 11. Ng5 Bd5 12. c4 Bb7 13. Bc2 Bd6 14.
Qd3 h6 15. Nge4 Bf4 16. Nxf6+ Nxf6 17. g3 Bd6 18. b3 c5 19. d5 exd5 20.
cxd5 Bc7 21. Ne4 Nxe4 22. Qxe4 f5 23. Qe6+ Rf7 24. Rd1 Qf8 25. Bb2 1/2-1/2

[Event "35th ch-BAN"]
[Site "Dhaka BAN"]
[Date "2009.07.12"]
[Round "13"]
[White "Islam,AP"]
[Black "Reefat,S"]
[Result "0-1"]
[WhiteElo "2145"]
[BlackElo "2486"]
[EventDate "2009.06.29"]

1. e4 c5 2. Nc3 Nc6 3. Nge2 e5 4. d3 d6 5. Nd5 g6 6. Be3 Be6 7. Nec3 Bg7 8.
Qd2 Nd4 9. Be2 f5 10. exf5 gxf5 11. Bh5+ Kd7 12. Bg5 Qc8 13. Ne3 Bf6 14. f4
h6 15. Bxf6 Nxf6 16. Bf3 exf4 17. Nf1 Nxf3+ 18. gxf3 Qc6 19. Qxf4 b5 20.
Ng3 Rae8 21. O-O-O b4 22. Nce2 Nd5 23. Qd2 Qa4 24. c4 bxc3 25. Nxc3 Nxc3
26. Qxc3 Qxa2 27. Rhe1 Bb3 28. Nxf5 Bxd1 29. Qg7+ Kc6 30. Ne7+ Kb5 31. Kxd1
Rhg8 32. Qc3 Qb1+ 0-1

[Event "35th ch-BAN"]
[Site "Dhaka BAN"]
[Date "2009.07.12"]
[Round "13"]
[White "Mohammad,J"]
[Black "Ahmed,J BAN"]
[Result "1-0"]
[WhiteElo "2207"]
[BlackElo "2088"]
[EventDate "2009.06.29"]

1. e4 c5 2. Nf3 d6 3. d4 cxd4 4. Nxd4 Nf6 5. Nc3 Nc6 6. Bg5 e6 7. Qd2 Be7
8. O-O-O O-O 9. f3 Qb6 10. Ndb5 a6 11. Na4 Qd8 12. Nxd6 Qc7 13. e5 Nxe5 14.
Bf4 Nfd7 15. Nc3 Qa5 16. Qe3 Rd8 17. Be2 Ng6 18. Nc4 Qf5 19. g3 e5 20. Nd5
Bc5 21. Qxc5 exf4 22. Ne7+ Nxe7 23. Qxe7 Rf8 24. Nd6 Qc5 25. Bc4 Ne5 26.
Rhe1 Nxc4 27. Qxf8+ 1-0

[Event "35th ch-BAN"]
[Site "Dhaka BAN"]
[Date "2009.07.12"]
[Round "13"]
[White "Rahman,Tai"]
[Black "Bhuiyan,G"]
[Result "1-0"]
[WhiteElo "2325"]
[BlackElo "2135"]
[EventDate "2009.06.29"]

1. d4 d5 2. c4 c6 3. Nf3 Nf6 4. Nc3 Nbd7 5. cxd5 cxd5 6. Bf4 e6 7. e3 Nh5
8. Bg5 Be7 9. Bxe7 Qxe7 10. Bd3 O-O 11. O-O Nhf6 12. Rc1 a6 13. Qe2 e5 14.
dxe5 Nxe5 15. h3 Nxd3 16. Qxd3 Be6 17. Rfd1 Rad8 18. Qd4 Rc8 19. a3 h6 20.
Qe5 Rcd8 21. Na4 Qd7 22. Nc5 Qe7 23. Nd4 Rfe8 24. Na4 Qf8 25. Qf4 Rc8 26.
Nb6 Rxc1 27. Rxc1 Re7 28. Rc7 Ne8 29. Rc1 Nf6 30. Nf5 Re8 31. Nxh6+ gxh6
32. Qxf6 Qd6 33. Rc8 Rxc8 34. Nxc8 Qf8 35. Ne7+ Kh7 36. Nxd5 Bxd5 37. Qf5+
Kg7 38. Qxd5 Qc8 39. Qd4+ Kh7 40. Qe4+ Kg7 41. Qg4+ Qxg4 42. hxg4 Kg6 43.
Kh2 Kg5 44. Kh3 b5 45. f4+ Kg6 46. Kh4 f6 47. e4 Kg7 48. Kh5 Kf7 49. g5
hxg5 50. fxg5 fxg5 51. Kxg5 Kg7 52. e5 1-0

[Event "34th National Chess championship-2008"]
[Site "?"]
[Date "2008.04.20"]
[Round "1"]
[White "Chatterjee Debaraj"]
[Black "Murshed Niaz"]
[Result "1/2-1/2"]
[WhiteElo "2236"]
[BlackElo "2449"]
[PlyCount "125"]
[EventDate "2008.04.20"]
[SourceDate "2008.04.20"]

1. d4 Nf6 2. c4 e6 3. Nc3 d5 4. Nf3 c6 5. e3 Nbd7 6. Bd3 dxc4 7. Bxc4 b5 8. Bd3
b4 9. Na4 Bb7 10. e4 c5 11. e5 Nd5 12. Nxc5 Nxc5 13. dxc5 Bxc5 14. O-O h6 15.
Nd2 O-O 16. Ne4 Bd4 17. Nd6 Bc6 18. Bh7+ Kxh7 19. Qxd4 f6 20. Bd2 fxe5 21. Qe4+
Kg8 22. Qxe5 Qf6 23. Qxf6 Rxf6 24. Rac1 Bd7 25. Ne4 Rf7 26. Nc5 Re8 27. Rfe1
Bc8 28. Re4 a5 29. a3 Nf6 30. Rec4 Rd8 31. Be1 bxa3 32. bxa3 Ra7 33. Ra4 Rd5
34. Nb3 Bd7 35. Rxa5 Rdxa5 36. Nxa5 Nd5 37. g3 g5 38. Bb4 g4 39. Rc4 h5 40. Kg2
Bb5 41. Rc8+ Kg7 42. Nc6 Ra6 43. Ne5 Kf6 44. Rb8 Be2 45. f4 Nxb4 46. Rf8+ Kg7
47. Rf7+ Kg8 48. axb4 Ra2 49. Kg1 Bf3 50. Rd7 Rg2+ 51. Kf1 Rxh2 52. Nxf3 gxf3
53. Re7 h4 54. gxh4 Rxh4 55. b5 Rh1+ 56. Kf2 Rb1 57. Rb7 Rb3 58. b6 Kf8 59.
Rb8+ Kg7 60. b7 Kh7 61. Re8 Rxb7 62. Rxe6 Rb3 63. Re3 1/2-1/2

[Event "34th National Chess championship-2008"]
[Site "?"]
[Date "2008.04.20"]
[Round "1"]
[White "Hossain Monir"]
[Black "Ahmed Sk. Nasir"]
[Result "1-0"]
[WhiteElo "2196"]
[BlackElo "2315"]
[PlyCount "138"]
[EventDate "2008.04.20"]
[SourceDate "2008.04.20"]

1. d4 Nf6 2. c4 e6 3. Nf3 b6 4. g3 Ba6 5. b3 Bb4+ 6. Bd2 Be7 7. Bg2 c6 8. O-O
d5 9. Ne5 Nfd7 10. Nxd7 Nxd7 11. cxd5 cxd5 12. Re1 Nf6 13. a3 O-O 14. Bb4 Bxb4
15. axb4 Bb5 16. Nc3 Qd7 17. Nxb5 Qxb5 18. Qd2 Rfc8 19. Rec1 Qd7 20. Qd3 Rxc1+
21. Rxc1 Rc8 22. Rxc8+ Qxc8 23. f3 g6 24. Bf1 h5 25. Qd2 Qc7 26. b5 Ne8 27. e3
Nd6 28. Bd3 Kg7 29. Kf2 Nb7 30. Ke2 Na5 31. b4 Nb7 32. Qc2 Qe7 33. Qc3 Nd6 34.
Kf2 Kf8 35. Kg2 Ke8 36. Qc6+ Kd8 37. e4 dxe4 38. fxe4 Nc8 39. Qc3 Qd7 40. Qc4
Nd6 41. Qc6 Nc8 42. Qxd7+ Kxd7 43. e5 Ne7 44. Be4 Nf5 45. Bxf5 exf5 46. d5 g5
47. h4 g4 48. Kf2 f4 49. gxf4 f6 50. e6+ Kd6 51. Ke3 Ke7 52. Ke4 Kd6 53. Kf5 g3
54. Kxf6 g2 55. e7 g1=Q 56. e8=Q Kxd5 57. Qxh5+ Kc4 58. Qg5 Qd4+ 59. Kg6 Kxb4
60. h5 Qe4+ 61. f5 Qe8+ 62. Kg7 Qd7+ 63. Kf8 Qxb5 64. h6 Ka4 65. Qf4+ Ka5 66.
f6 Qc5+ 67. Kg7 Qg1+ 68. Kh8 Qb1 69. Qe5+ Ka6 1-0

[Event "34th National Chess championship-2008"]
[Site "?"]
[Date "2008.04.20"]
[Round "1"]
[White "Mohammad Javed"]
[Black "Abdullah Al Rakib"]
[Result "0-1"]
[WhiteElo "2302"]
[BlackElo "2514"]
[PlyCount "73"]
[EventDate "2008.04.20"]
[SourceDate "2008.04.20"]

1. e4 c5 2. Nf3 g6 3. d4 cxd4 4. Nxd4 Bg7 5. Nc3 Nc6 6. Be3 Nf6 7. Bc4 O-O 8.
Bb3 Ng4 9. Qxg4 Nxd4 10. Bxd4 Bxd4 11. Nd1 d5 12. Qe2 dxe4 13. Qxe4 Bf5 14. Qe2
a5 15. a4 Ra6 16. O-O Rd6 17. Re1 Bc5 18. Ne3 Rd2 19. Qf3 Qb6 20. Re2 Bxe3 21.
fxe3 Be4 22. Qf2 Rxe2 23. Qxe2 Rd8 24. Kh1 e6 25. Rf1 Kg7 26. Qf2 f5 27. Qh4
Rd7 28. Qf4 Qd6 29. Qxd6 Rxd6 30. Kg1 g5 31. h3 Kf6 32. Rf2 h5 33. c3 h4 34.
Re2 Ke5 35. Kf2 g4 36. g3 gxh3 37. gxh4 0-1

[Event "34th National Chess championship-2008"]
[Site "?"]
[Date "2008.04.20"]
[Round "1"]
[White "Rahman Syed Mahfuzur"]
[Black "Rahman Ziaur"]
[Result "0-1"]
[WhiteElo "2310"]
[BlackElo "2511"]
[PlyCount "136"]
[EventDate "2008.04.20"]
[SourceDate "2008.04.20"]

1. e4 e6 2. d4 d5 3. Nc3 Bb4 4. e5 b6 5. a3 Be7 6. Nf3 c5 7. Be3 h5 8. h4 Nh6
9. Bg5 Ba6 10. Nb5 Nf5 11. Bd3 c4 12. Bxf5 Bxb5 13. Bh3 Nc6 14. g3 Qd7 15. Bxe7
Qxe7 16. Ng5 O-O-O 17. f4 Kb7 18. Kf2 Rdf8 19. Re1 Nd8 20. Qd2 a5 21. Re3 Qc7
22. Rae1 Bd7 23. b4 a4 24. Kg1 Nc6 25. Rf1 Qc8 26. Rfe1 Na7 27. c3 Nb5 28. Qb2
Nc7 29. Qe2 Nb5 30. Qb2 Rhg8 31. Kh2 Rh8 32. Kg2 Qd8 33. Kh2 Qe7 34. Bg2 Nc7
35. Bh3 Re8 36. Qe2 Qf8 37. Kg1 Qg8 38. Kh2 Ka7 39. Kg2 Rh6 40. Kh2 Kb8 41. Kg2
Nb5 42. Qb2 Rg6 43. Kh2 Re7 44. Bg2 Nc7 45. Bh3 f6 46. Nf3 Re8 47. Qc2 Rh6 48.
Qe2 Rh8 49. Qc2 Rf8 50. Qb1 Rh6 51. Qc2 Kb7 52. Qb1 Be8 53. exf6 Bg6 54. Qd1
gxf6 55. f5 Bxf5 56. Bxf5 exf5 57. Re7 f4 58. gxf4 Qg4 59. Qe2 Qxf4+ 60. Kh1
Rg6 61. Qe3 Qg3 62. Rg1 Qh3+ 63. Nh2 Qxe3 64. Rxe3 Rxg1+ 65. Kxg1 Nb5 66. Nf3
Nxa3 67. Kf2 Nb5 68. Ke1 Rg8 0-1

[Event "34th National Chess championship-2008"]
[Site "?"]
[Date "2008.04.20"]
[Round "1"]
[White "Abu Sufian Shakil"]
[Black "Chowdhury Sohel"]
[Result "1-0"]
[WhiteElo "2408"]
[BlackElo "2190"]
[PlyCount "89"]
[EventDate "2008.04.20"]
[SourceDate "2008.04.20"]

1. e4 e5 2. Nf3 Nc6 3. Bb5 a6 4. Ba4 Nf6 5. O-O Be7 6. Re1 b5 7. Bb3 d6 8. c3
O-O 9. h3 Bb7 10. d4 Re8 11. Nbd2 Bf8 12. a4 h6 13. d5 Nb8 14. c4 bxc4 15. Nxc4
c6 16. dxc6 Nxc6 17. a5 Qc7 18. Nb6 Rab8 19. Bd2 Nd7 20. Nd5 Qd8 21. Bc4 Ne7
22. Ne3 Nc6 23. Qb3 Re7 24. Nd5 Re6 25. Ne3 Nc5 26. Qa2 Re7 27. Nf5 Rc7 28. b4
Nxe4 29. Rxe4 Nxb4 30. Nxh6+ gxh6 31. Rg4+ Kh8 32. Bxb4 Bxf3 33. gxf3 Rxb4 34.
Bxf7 Rxg4+ 35. hxg4 Qf6 36. Bd5 Qf4 37. Kg2 Kg7 38. Rh1 Be7 39. Qb2 Rc5 40. Qb7
Qf8 41. Rh5 Rb5 42. Qd7 Rxd5 43. Rf5 Qxf5 44. gxf5 Rxa5 45. Qxe7+ 1-0

[Event "34th National Chess championship-2008"]
[Site "?"]
[Date "2008.04.20"]
[Round "1"]
[White "Hossain Enamul"]
[Black "Mohammed Abdul Malek"]
[Result "1-0"]
[WhiteElo "2484"]
[BlackElo "2308"]
[PlyCount "43"]
[EventDate "2008.04.20"]
[SourceDate "2008.04.20"]

1. e4 g6 2. d4 Bg7 3. Nc3 d6 4. Be3 c6 5. Qd2 b5 6. Nf3 Nf6 7. Bd3 Bg4 8. e5 b4
9. Ne4 Nxe4 10. Bxe4 d5 11. Bd3 Qb6 12. Nh4 O-O 13. f4 f6 14. h3 Be6 15. f5
fxe5 16. dxe5 d4 17. Bh6 gxf5 18. Bxg7 Kxg7 19. Qg5+ Kf7 20. Bxf5 Bxf5 21. Nxf5
Qc5 22. O-O 1-0